000 00566nam a22001697a 4500
005 20251108171047.0
008 250721s9999 xx 000 0 ara d
082 1 4 _a801.952/سمي
100 1 _aسرحان، سمير
245 1 0 _aدراسات في الأدب المسرحي /
264 1 _aبغداد :
_bدار الشؤون الثقافية العامة (آفاق عربية): وزارة الثقافة و الإعلام،
_c[19-].
300 _a173ص
650 1 7 _aالمسرحيات
650 1 7 _aتاريخ ونقد
942 _2ddc
_cBK
999 _c55574
_d55574